=LDR 00000nam 2200000 4500 =001 INLIS000000000013909 =005 20130612105228 =008 ***********************************Ind** =035 ##$$0010-061300000013909 =041 ##$$a Ind =082 ##$$a 796.346 =090 ##$$a 796.346, Sim p =100 ##$$a Simpson, Peter =245 ##$$a Teknik bermain pingpong, Peter Simpson =260 ##$$a 2004 $b Bandung =300 ##$$a 128 hlm, Ilus, 21 cm =650 ##$$a Tenis meja =850 ##$$a NBPNMAT =990 ##$$a 21400613/BPAP-NTB/20142014 =990 ##$$a 0001/BPAP-NTB/20142015 =990 ##$$a 0001/BPAP-NTB/20142015 =990 ##$$a 0001/BPAP-NTB/20142015 =990 ##$$a 0001/BPAP-NTB/20142015